000 00315nam a22001337a 4500
008 171101b xxu||||| |||| 00| 0 eng d
020 _a9780133391510
041 _aeng
080 _23 ED
_a339
100 _a59
101 _aTRE
245 _aBOND MARKETS ANLYSIS AND STRATEGIES
_cFRANK.J.F
942 _2udc
_cBK
999 _c37088
_d37088